Métodos mixtos de investigación integrando métodos cuantitativos y cualitativos (Registro nro. 13888)
[ vista simple ]
| 000 -Cabecera | |
|---|---|
| Campo de control de longitud fija | 00845nam a22002777a 4500 |
| 005 - Fecha y hora de la última transacción | |
| Campo de control | 20260130172921.0 |
| 008 - Elementos de longitud fija--Información general | |
| Campo de control de longitud fija | 260130b2024 |||||||| |||| 00| 0 spa d |
| 020 ## - International Standard Book Number | |
| Número Internacional Estándar del Libro (ISBN) | 9788436849035 |
| 041 ## - Idioma | |
| Código de idioma | Español |
| 082 ## - Clasificación Decimal Dewey | |
| Número de clasificación | 001.42 M722m |
| 100 ## - Entrada principal--Autor personal | |
| Nombre personal | Molina Azorín, José Francisco |
| 100 ## - Entrada principal--Autor personal | |
| Nombre personal | Fábregues Feijóo, Sergi |
| 100 ## - Entrada principal--Autor personal | |
| Nombre personal | Escalante Barrios, Elsa Lucía |
| 245 ## - Título propiamente dicho | |
| Título | Métodos mixtos de investigación integrando métodos cuantitativos y cualitativos |
| 260 ## - Pie de imprenta | |
| Lugar de publicación, distribución, etc. | España |
| 260 ## - Pie de imprenta | |
| Nombre del editor, distribuidor, etc. | Ediciones Pirámide |
| 260 ## - Pie de imprenta | |
| Fecha de publicación, distribución, etc. | 2024 |
| 300 ## - Descripción física | |
| Extensión | 211 |
| 490 ## - Serie | |
| Título de la Serie | Temática General |
| 650 ## - Materia general | |
| Temática (materia general) | METODOLOGÍA DE LA INVESTIGACIÓN |
| 650 ## - Materia general | |
| Temática (materia general) | INVESTIGACIÓN CUANTITATIVA |
| 650 ## - Materia general | |
| Temática (materia general) | INVESTIGACIÓN CUALITATIVA |
| 650 ## - Materia general | |
| Temática (materia general) | PARADIGMAS EN INVESTIGACIÓN SOCIAL |
| 650 ## - Materia general | |
| Temática (materia general) | PREGUNTAS DE INVESTIGACIÓN |
| 942 ## - Punto de acceso adicional KOHA | |
| Fuente del sistema de clasificación o colocación | Dewey Decimal Classification |
| Tipo de ítem KOHA | Libro |
| Signatura completa | Código de barras | En préstamo | Programa Académico | Tipo de ítem |
|---|---|---|---|---|
| 001.42 M722m | 26192 | 12/06/2026 | Temática General | Libro |